Fl. Alexius Comnenus imperator
| Médium: | Kniha |
|---|---|
| Jazyk: | angličtina |
| Fyzický popis: | 240 s. |
| Vydavateľské údaje: |
[ Tyrnaviae ]
[ Typis Academicis, per Leopoldum Berger ]
[ 1740 ]
|
MARC
| LEADER | 00000nam a2200000 a 4500 | ||
|---|---|---|---|
| 001 | vtls008418984 | ||
| 003 | SK-MaSNL | ||
| 005 | 20260224162407.0 | ||
| 008 | 051215 000 0 eng | ||
| 040 | |a SNK |b slo |c SNK |e AACR2 | ||
| 245 | 1 | |a Fl. Alexius Comnenus imperator | |
| 260 | |a [ Tyrnaviae ] |b [ Typis Academicis, per Leopoldum Berger ] |c [ 1740 ] | ||
| 300 | |a 240 s. | ||
| 500 | |a chýba titulný list | ||
| 999 | |c 1080548 |d 1082478 | ||
| 952 | |a SNK |b SNK |y PREZ |7 0 |o snkSD 12167/5 |i snk1144/56 |3 rekatalogizácia |0 0 |1 0 |4 0 |d 2005-12-15 |l 0 |r 2026-02-24 16:24:07 |w 2026-02-24 | ||


